| 000 | 00469nam a2200205Ia 4500 | ||
|---|---|---|---|
| 003 | 0100 | ||
| 008 | 130303s9999 xx 000 0 und d | ||
| 040 | _cARRUPELIB | ||
| 050 | _aMT40.J66 1974 | ||
| 100 | _aJones, George Thaddeus | ||
| 245 | _aMusic Theory | ||
| 260 | _aNY | ||
| 260 | _bBarnes Noble Books Inc | ||
| 260 | _C1974 | ||
| 300 | _a310p | ||
| 650 | _bMoral development | ||
| 650 | _cPiaget theories | ||
| 650 | _dKohlberg theories | ||
| 942 | 0 | 0 | _01 |
| 999 |
_c30394 _d30394 |
||